<?xml version="1.0" encoding="UTF-8"?>
<record
    xmlns:xsi="http://www.w3.org/2001/XMLSchema-instance"
    xsi:schemaLocation="http://www.loc.gov/MARC21/slim http://www.loc.gov/standards/marcxml/schema/MARC21slim.xsd"
    xmlns="http://www.loc.gov/MARC21/slim">

  <leader>01268nam a2200265Ia 4500</leader>
  <controlfield tag="003">Ost</controlfield>
  <controlfield tag="005">20260507075159.0</controlfield>
  <controlfield tag="008">260507s9999||||xx |||||||||||||| ||und||</controlfield>
  <datafield tag="020" ind1=" " ind2=" ">
    <subfield code="a">1347169957</subfield>
  </datafield>
  <datafield tag="040" ind1=" " ind2=" ">
    <subfield code="c">fsecg</subfield>
  </datafield>
  <datafield tag="041" ind1=" " ind2=" ">
    <subfield code="a">ara</subfield>
  </datafield>
  <datafield tag="082" ind1=" " ind2=" ">
    <subfield code="a">330</subfield>
  </datafield>
  <datafield tag="100" ind1=" " ind2=" ">
    <subfield code="a">&#x627;&#x644;&#x628;&#x637;&#x627;&#x64A;&#x646;&#x629;&#x60C; &#x639;&#x627;&#x645;&#x631; &#x641;&#x62A;&#x62D;&#x64A;</subfield>
    <subfield code="e">&#x645;&#x624;&#x644;&#x641;</subfield>
  </datafield>
  <datafield tag="245" ind1=" " ind2="0">
    <subfield code="a">&#x62F;&#x648;&#x631; &#x627;&#x644;&#x642;&#x627;&#x636;&#x64A; &#x641;&#x64A; &#x627;&#x644;&#x62A;&#x62D;&#x643;&#x64A;&#x645; &#x627;&#x644;&#x62A;&#x62C;&#x627;&#x631;&#x64A; &#x627;&#x644;&#x62F;&#x648;&#x644;&#x64A; :</subfield>
    <subfield code="b">&#x62F;&#x631;&#x627;&#x633;&#x629; &#x645;&#x642;&#x627;&#x631;&#x646;&#x629; /</subfield>
    <subfield code="c"> &#x639;&#x627;&#x645;&#x631; &#x641;&#x62A;&#x62D;&#x64A; &#x627;&#x644;&#x628;&#x637;&#x627;&#x64A;&#x646;&#x629;</subfield>
  </datafield>
  <datafield tag="260" ind1=" " ind2=" ">
    <subfield code="a">&#x639;&#x645;&#x627;&#x646;: </subfield>
    <subfield code="b">&#x62F;&#x627;&#x631; &#x627;&#x644;&#x62B;&#x642;&#x627;&#x641;&#x629;, </subfield>
    <subfield code="c">2009</subfield>
  </datafield>
  <datafield tag="300" ind1=" " ind2=" ">
    <subfield code="a">272  &#x635;&#x641;&#x62D;&#x629;&#x61B; </subfield>
    <subfield code="c">24 &#x633;&#x645;</subfield>
  </datafield>
  <datafield tag="504" ind1=" " ind2=" ">
    <subfield code="a">&#x645;&#x631;&#x627;&#x62C;&#x639; &#x635;.267</subfield>
  </datafield>
  <datafield tag="520" ind1=" " ind2=" ">
    <subfield code="a">&#x62F;&#x648;&#x631; &#x627;&#x644;&#x642;&#x627;&#x636;&#x64A; &#x627;&#x644;&#x623;&#x631;&#x62F;&#x646;&#x64A; &#x625;&#x632;&#x627;&#x621; &#x627;&#x644;&#x62E;&#x635;&#x648;&#x645;&#x629; &#x627;&#x644;&#x62A;&#x62D;&#x643;&#x64A;&#x645;&#x64A;&#x629; &#x627;&#x644;&#x62F;&#x648;&#x644;&#x64A;&#x629; : &#x645;&#x641;&#x647;&#x648;&#x645; &#x627;&#x644;&#x62E;&#x635;&#x648;&#x645;&#x629; &#x627;&#x644;&#x62A;&#x62D;&#x643;&#x64A;&#x645;&#x64A;&#x629; &#x627;&#x644;&#x62F;&#x648;&#x644;&#x64A;&#x629; &#x60C; &#x62F;&#x648;&#x631; &#x627;&#x644;&#x642;&#x627;&#x636;&#x64A; &#x641;&#x64A; &#x625;&#x646;&#x639;&#x642;&#x627;&#x62F; &#x648; &#x633;&#x64A;&#x631; &#x627;&#x644;&#x62E;&#x635;&#x648;&#x645;&#x629; &#x627;&#x644;&#x62A;&#x62D;&#x643;&#x64A;&#x645;&#x64A;&#x629; &#x627;&#x644;&#x62F;&#x648;&#x644;&#x64A;&#x629; &#x60C; &#x62F;&#x648;&#x631; &#x627;&#x644;&#x642;&#x627;&#x636;&#x64A; &#x625;&#x632;&#x627;&#x621; &#x627;&#x644;&#x62D;&#x643;&#x645; &#x627;&#x644;&#x62A;&#x62D;&#x643;&#x64A;&#x645;&#x64A; &#x627;&#x644;&#x62F;&#x648;&#x644;&#x64A; : &#x627;&#x644;&#x637;&#x639;&#x646; &#x641;&#x64A; &#x627;&#x644;&#x62D;&#x643;&#x645; &#x627;&#x644;&#x62A;&#x62D;&#x643;&#x64A;&#x645;&#x64A; &#x627;&#x644;&#x62F;&#x648;&#x644;&#x64A; &#x60C; &#x62A;&#x646;&#x641;&#x64A;&#x630; &#x627;&#x644;&#x62D;&#x643;&#x645; &#x627;&#x644;&#x62A;&#x62D;&#x643;&#x64A;&#x645;&#x64A; &#x627;&#x644;&#x62F;&#x648;&#x644;&#x64A; .</subfield>
  </datafield>
  <datafield tag="653" ind1=" " ind2=" ">
    <subfield code="a">&#x627;&#x644;&#x62A;&#x62D;&#x643;&#x64A;&#x645;</subfield>
  </datafield>
  <datafield tag="653" ind1=" " ind2=" ">
    <subfield code="a">&#x627;&#x644;&#x62A;&#x62D;&#x643;&#x64A;&#x645; &#x627;&#x644;&#x62A;&#x62C;&#x627;&#x631;&#x64A;</subfield>
  </datafield>
  <datafield tag="653" ind1=" " ind2=" ">
    <subfield code="a">&#x627;&#x644;&#x62A;&#x62D;&#x643;&#x64A;&#x645; &#x627;&#x644;&#x62F;&#x648;&#x644;&#x64A;</subfield>
  </datafield>
  <datafield tag="653" ind1=" " ind2=" ">
    <subfield code="a">&#x627;&#x644;&#x642;&#x627;&#x636;&#x64A;</subfield>
  </datafield>
  <datafield tag="653" ind1=" " ind2=" ">
    <subfield code="a">&#x627;&#x644;&#x642;&#x627;&#x646;&#x648;&#x646; &#x627;&#x644;&#x62F;&#x648;&#x644;&#x64A;</subfield>
  </datafield>
  <datafield tag="942" ind1=" " ind2=" ">
    <subfield code="c">&#x643;&#x62A;&#x627;&#x628;</subfield>
  </datafield>
  <datafield tag="952" ind1=" " ind2=" ">
    <subfield code="0">0</subfield>
    <subfield code="1">0</subfield>
    <subfield code="2">ddc</subfield>
    <subfield code="4">0</subfield>
    <subfield code="7">-1</subfield>
    <subfield code="a">fsecg</subfield>
    <subfield code="b">fsecg</subfield>
    <subfield code="d">2026-05-07</subfield>
    <subfield code="h">&#x627;&#x644;&#x637;&#x627;&#x628;&#x642; &#x627;&#x644;&#x623;&#x631;&#x636;&#x64A;</subfield>
    <subfield code="i">13581</subfield>
    <subfield code="l">0</subfield>
    <subfield code="o">&#x623;/3410&#x646;1</subfield>
    <subfield code="p">13581</subfield>
    <subfield code="r">2026-05-07 07:51:59</subfield>
    <subfield code="w">2026-05-07</subfield>
    <subfield code="y">&#x643;&#x62A;&#x627;&#x628;</subfield>
  </datafield>
  <datafield tag="952" ind1=" " ind2=" ">
    <subfield code="0">0</subfield>
    <subfield code="1">0</subfield>
    <subfield code="2">ddc</subfield>
    <subfield code="4">0</subfield>
    <subfield code="7">0</subfield>
    <subfield code="a">fsecg</subfield>
    <subfield code="b">fsecg</subfield>
    <subfield code="d">2026-05-07</subfield>
    <subfield code="h">&#x645;&#x643;&#x62A;&#x628;&#x629; &#x628;&#x646; &#x639;&#x643;&#x646;&#x648;&#x646;</subfield>
    <subfield code="i">13590</subfield>
    <subfield code="l">0</subfield>
    <subfield code="o">&#x623;/3410&#x646;10</subfield>
    <subfield code="p">13590</subfield>
    <subfield code="r">2026-05-07 07:51:59</subfield>
    <subfield code="w">2026-05-07</subfield>
    <subfield code="y">&#x643;&#x62A;&#x627;&#x628;</subfield>
  </datafield>
  <datafield tag="952" ind1=" " ind2=" ">
    <subfield code="0">0</subfield>
    <subfield code="1">0</subfield>
    <subfield code="2">ddc</subfield>
    <subfield code="4">0</subfield>
    <subfield code="7">0</subfield>
    <subfield code="a">fsecg</subfield>
    <subfield code="b">fsecg</subfield>
    <subfield code="d">2026-05-07</subfield>
    <subfield code="h">&#x627;&#x644;&#x637;&#x627;&#x628;&#x642; &#x627;&#x644;&#x623;&#x631;&#x636;&#x64A;</subfield>
    <subfield code="i">13582</subfield>
    <subfield code="l">0</subfield>
    <subfield code="o">&#x623;/3410&#x646;2</subfield>
    <subfield code="p">13582</subfield>
    <subfield code="r">2026-05-07 07:51:59</subfield>
    <subfield code="w">2026-05-07</subfield>
    <subfield code="y">&#x643;&#x62A;&#x627;&#x628;</subfield>
  </datafield>
  <datafield tag="952" ind1=" " ind2=" ">
    <subfield code="0">0</subfield>
    <subfield code="1">0</subfield>
    <subfield code="2">ddc</subfield>
    <subfield code="4">0</subfield>
    <subfield code="7">0</subfield>
    <subfield code="a">fsecg</subfield>
    <subfield code="b">fsecg</subfield>
    <subfield code="d">2026-05-07</subfield>
    <subfield code="h">&#x627;&#x644;&#x637;&#x627;&#x628;&#x642; &#x627;&#x644;&#x623;&#x631;&#x636;&#x64A;</subfield>
    <subfield code="i">13583</subfield>
    <subfield code="l">0</subfield>
    <subfield code="o">&#x623;/3410&#x646;3</subfield>
    <subfield code="p">13583</subfield>
    <subfield code="r">2026-05-07 07:51:59</subfield>
    <subfield code="w">2026-05-07</subfield>
    <subfield code="y">&#x643;&#x62A;&#x627;&#x628;</subfield>
  </datafield>
  <datafield tag="952" ind1=" " ind2=" ">
    <subfield code="0">0</subfield>
    <subfield code="1">0</subfield>
    <subfield code="2">ddc</subfield>
    <subfield code="4">0</subfield>
    <subfield code="7">0</subfield>
    <subfield code="a">fsecg</subfield>
    <subfield code="b">fsecg</subfield>
    <subfield code="d">2026-05-07</subfield>
    <subfield code="h">&#x627;&#x644;&#x637;&#x627;&#x628;&#x642; &#x627;&#x644;&#x623;&#x631;&#x636;&#x64A;</subfield>
    <subfield code="i">13584</subfield>
    <subfield code="l">0</subfield>
    <subfield code="o">&#x623;/3410&#x646;4</subfield>
    <subfield code="p">13584</subfield>
    <subfield code="r">2026-05-07 07:51:59</subfield>
    <subfield code="w">2026-05-07</subfield>
    <subfield code="y">&#x643;&#x62A;&#x627;&#x628;</subfield>
  </datafield>
  <datafield tag="952" ind1=" " ind2=" ">
    <subfield code="0">0</subfield>
    <subfield code="1">0</subfield>
    <subfield code="2">ddc</subfield>
    <subfield code="4">0</subfield>
    <subfield code="7">0</subfield>
    <subfield code="a">fsecg</subfield>
    <subfield code="b">fsecg</subfield>
    <subfield code="d">2026-05-07</subfield>
    <subfield code="h">&#x627;&#x644;&#x637;&#x627;&#x628;&#x642; &#x627;&#x644;&#x623;&#x631;&#x636;&#x64A;</subfield>
    <subfield code="i">13585</subfield>
    <subfield code="l">0</subfield>
    <subfield code="o">&#x623;/3410&#x646;5</subfield>
    <subfield code="p">13585</subfield>
    <subfield code="r">2026-05-07 07:51:59</subfield>
    <subfield code="w">2026-05-07</subfield>
    <subfield code="y">&#x643;&#x62A;&#x627;&#x628;</subfield>
  </datafield>
  <datafield tag="952" ind1=" " ind2=" ">
    <subfield code="0">0</subfield>
    <subfield code="1">0</subfield>
    <subfield code="2">ddc</subfield>
    <subfield code="4">0</subfield>
    <subfield code="7">0</subfield>
    <subfield code="a">fsecg</subfield>
    <subfield code="b">fsecg</subfield>
    <subfield code="d">2026-05-07</subfield>
    <subfield code="h">&#x627;&#x644;&#x637;&#x627;&#x628;&#x642; &#x627;&#x644;&#x62B;&#x627;&#x646;&#x64A;</subfield>
    <subfield code="i">13586</subfield>
    <subfield code="l">0</subfield>
    <subfield code="o">&#x623;/3410&#x646;6</subfield>
    <subfield code="p">13586</subfield>
    <subfield code="r">2026-05-07 07:51:59</subfield>
    <subfield code="w">2026-05-07</subfield>
    <subfield code="y">&#x643;&#x62A;&#x627;&#x628;</subfield>
  </datafield>
  <datafield tag="952" ind1=" " ind2=" ">
    <subfield code="0">0</subfield>
    <subfield code="1">0</subfield>
    <subfield code="2">ddc</subfield>
    <subfield code="4">0</subfield>
    <subfield code="7">0</subfield>
    <subfield code="a">fsecg</subfield>
    <subfield code="b">fsecg</subfield>
    <subfield code="d">2026-05-07</subfield>
    <subfield code="h">&#x627;&#x644;&#x637;&#x627;&#x628;&#x642; &#x627;&#x644;&#x62B;&#x627;&#x646;&#x64A;</subfield>
    <subfield code="i">13587</subfield>
    <subfield code="l">0</subfield>
    <subfield code="o">&#x623;/3410&#x646;7</subfield>
    <subfield code="p">13587</subfield>
    <subfield code="r">2026-05-07 07:51:59</subfield>
    <subfield code="w">2026-05-07</subfield>
    <subfield code="y">&#x643;&#x62A;&#x627;&#x628;</subfield>
  </datafield>
  <datafield tag="952" ind1=" " ind2=" ">
    <subfield code="0">0</subfield>
    <subfield code="1">0</subfield>
    <subfield code="2">ddc</subfield>
    <subfield code="4">0</subfield>
    <subfield code="7">0</subfield>
    <subfield code="a">fsecg</subfield>
    <subfield code="b">fsecg</subfield>
    <subfield code="d">2026-05-07</subfield>
    <subfield code="h">&#x627;&#x644;&#x637;&#x627;&#x628;&#x642; &#x627;&#x644;&#x62B;&#x627;&#x646;&#x64A;</subfield>
    <subfield code="i">13588</subfield>
    <subfield code="l">0</subfield>
    <subfield code="o">&#x623;/3410&#x646;8</subfield>
    <subfield code="p">13588</subfield>
    <subfield code="r">2026-05-07 07:51:59</subfield>
    <subfield code="w">2026-05-07</subfield>
    <subfield code="y">&#x643;&#x62A;&#x627;&#x628;</subfield>
  </datafield>
  <datafield tag="952" ind1=" " ind2=" ">
    <subfield code="0">0</subfield>
    <subfield code="1">0</subfield>
    <subfield code="2">ddc</subfield>
    <subfield code="4">0</subfield>
    <subfield code="7">0</subfield>
    <subfield code="a">fsecg</subfield>
    <subfield code="b">fsecg</subfield>
    <subfield code="d">2026-05-07</subfield>
    <subfield code="h">&#x645;&#x643;&#x62A;&#x628;&#x629; &#x628;&#x646; &#x639;&#x643;&#x646;&#x648;&#x646;</subfield>
    <subfield code="i">13589</subfield>
    <subfield code="l">0</subfield>
    <subfield code="o">&#x623;/3410&#x646;9</subfield>
    <subfield code="p">13589</subfield>
    <subfield code="r">2026-05-07 07:51:59</subfield>
    <subfield code="w">2026-05-07</subfield>
    <subfield code="y">&#x643;&#x62A;&#x627;&#x628;</subfield>
  </datafield>
  <datafield tag="999" ind1=" " ind2=" ">
    <subfield code="c">43388</subfield>
    <subfield code="d">43388</subfield>
  </datafield>
</record>
